000 00597nam a22001937a 4500
005 20251108173557.0
008 250721s2006 xx 000 0 ara d
082 1 4 _aط/ق/فتو
100 1 _aأبو الفتوح، نادر
_eمؤلف
245 1 0 _aعين العقل /
264 1 _aالقاهره :
_bدار الياس العصرية،
_c2006.
300 _a30ص
490 0 _aملح و فلفل
650 1 7 _aالقصص العربية
653 _aاطفال ما قبل المدرسة 0-5سنوات
700 1 _aرفعت، محسن
_eرسام
942 _2ddc
_cBK
999 _c107246
_d107246